Catálogo
 En Linea

Auge y caída del tercer Reich : (Registro nro. 23448)

Detalles MARC
000 -CABECERA
campo de control de longitud fija 00852nam a2200229 a 4500
001 - NÚMERO DE CONTROL
campo de control 000023952
005 - FECHA Y HORA DE LA ÚLTIMA TRANSACCIÓN
campo de control 20200930022609.0
008 - DATOS DE LONGITUD FIJA--INFORMACIÓN GENERAL
campo de control de longitud fija 110117s1962 sp c r 001 0 spa d
040 ## - FUENTE DE LA CATALOGACIÓN
Centro catalogador/agencia de origen DO-SdBNP
Lengua de catalogación spa
Centro/agencia transcriptor BNPHU
082 ## - NÚMERO DE LA CLASIFICACIÓN DECIMAL DEWEY
Número de clasificación xxxx
Número de documento/Ítem S558a
049 ## - FONDOS LOCALES (OCLC)
Fondos de biblioteca BNGR
100 1# - ENTRADA PRINCIPAL--NOMBRE DE PERSONA
Nombre de persona Shirer, William L.
9 (RLIN) 49271
245 10 - MENCIÓN DE TÍTULO
Título Auge y caída del tercer Reich :
Resto del título una historia de la alemania nazi /
Mención de responsabilidad, etc. William L. Shirer ; traducción Jesús López Pacheco , Mariano Orta Manzano.
260 ## - PUBLICACIÓN, DISTRIBUCIÓN, ETC.
Lugar de publicación, distribución, etc. Barcelona :
Nombre del editor, distribuidor, etc. Luis de Caralt,
Fecha de publicación, distribución, etc. 1962.
300 ## - DESCRIPCIÓN FÍSICA
Extensión 702 p. :
Otras características físicas retrs. ;
Dimensiones 22.5 cm.
490 1# - MENCIÓN DE SERIE
Mención de serie La vida vivida.
504 ## - NOTA DE BIBLIOGRAFÍA, ETC.
Nota de bibliografía, etc. Incluye referencias biográficas y notas al pie de las páginas.
500 ## - NOTA GENERAL
Nota general Incluye índice de ilustraciones
700 1# - PUNTO DE ACCESO ADICIONAL--NOMBRE DE PERSONA
Nombre de persona López Pacheco, jesús,
Término indicativo de función/relación tr.
9 (RLIN) 25523
700 1# - PUNTO DE ACCESO ADICIONAL--NOMBRE DE PERSONA
Nombre de persona Orta Manzano, Mariano,
Término indicativo de función/relación tr.
9 (RLIN) 48187
830 #0 - PUNTO DE ACCESO ADICIONAL DE SERIE-TÍTULO UNIFORME
Título uniforme La vida vivida.
9 (RLIN) 49272
Existencias
Estado de retiro Estado de pérdida Restricciones de uso No para préstamo Código de colección Localización permanente Ubicación/localización actual Ubicación en estantería Fecha de adquisición Número de inventario Total de préstamos Signatura topográfica completa Código de barras Fecha visto por última vez Precio válido a partir de Tipo de ítem Koha
        Monografías: Libros y Folletos General General En catalogación 17.01.2011 LF1   xxxx S558a 23952-10 25.06.2020 25.06.2020 Préstamo en sala

Con tecnología Koha